Southville International School and Colleges
Your cart is empty.
  • Cart
  • Lists
    Public lists Eva Luna New books Lux_list list_1
    Your lists Log in to create your own lists
  • Log in to your account
  • Your cookies
  • Search history
Southville International School and Colleges
  • Advanced search
  • Recent comments
  • Most popular
  • Libraries

Log in to your account

Log in with GOOGLE


If you do not have an external account, but do have a local account, you can still log in:

  1. Home
  2. MARC view: Jose Rizal :
Normal view MARC view ISBD view

Jose Rizal : (Record no. 358345)

[ view plain ]
MARC details
000 -LEADER
fixed length control field 00628nam a2200157Ia 4500
008 - FIXED-LENGTH DATA ELEMENTS--GENERAL INFORMATION
fixed length control field 180815s9999 xx 000 0 und d
020 ## - INTERNATIONAL STANDARD BOOK NUMBER
International Standard Book Number 9716420706
100 ## - MAIN ENTRY--PERSONAL NAME
Personal name Zaide, Gregorio F.
245 ## - TITLE STATEMENT
Statement of responsibility, etc Gregorio F. Zaide, Sonia M. Zaide.--
Title Jose Rizal :
Remainder of title life, works, and writings of a genius, writer, scientist and national hero /
250 ## - EDITION STATEMENT
Edition statement 2nd ed
260 ## - PUBLICATION, DISTRIBUTION, ETC. (IMPRINT)
Place of publication, distribution, etc Quezon City:
Name of publisher, distributor, etc All-Nations Publishing Co.
Date of publication, distribution, etc 2008
300 ## - PHYSICAL DESCRIPTION
Extent xxxii, 438 pages ;
Dimensions 22 cm.
500 ## - GENERAL NOTE
General note Includes bibliography : pages 419-425. index : pages 426-437.
650 ## - SUBJECT ADDED ENTRY--TOPICAL TERM
Topical term or geographic name as entry element Nationalists -- Philippines -- biography
650 ## - SUBJECT ADDED ENTRY--TOPICAL TERM
Topical term or geographic name as entry element Rizal y Alonzo Jose, 1861-1896
Holdings
Withdrawn status Lost status Damaged status Home library Current library Shelving location Date acquired Source of acquisition Total Checkouts Total Renewals Full call number Barcode Date last seen Date checked out Price effective from Koha item type
      College Library College Library Filipiniana Section 08/15/2018   3 2 DS 675.8 .Z21 2008 C21602 11/25/2024 11/18/2024 08/15/2018 Books

Jose Rizal :

APA

Zaide G. F., . (2008). Jose Rizal. Quezon City: All-Nations Publishing Co.

Chicago

Zaide Gregorio F, . 2008. Jose Rizal. Quezon City: All-Nations Publishing Co.

Harvard

Zaide G. F., . (2008). Jose Rizal. Quezon City: All-Nations Publishing Co.

MLA

Zaide Gregorio F, . Jose Rizal. Quezon City: All-Nations Publishing Co. 2008.

  • Place hold
  • Print
  • Cite
  • Add to your cart (remove)
  • Save record
    BIBTEX Dublin Core MARCXML MARC (non-Unicode/MARC-8) MARC (Unicode/UTF-8) MARC (Unicode/UTF-8, Standard) MODS (XML) RIS
  • More searches
    Search for this title in:
    Other Libraries (WorldCat) Other Databases (Google Scholar) Online Stores (Bookfinder.com) Open Library (openlibrary.org)

Exporting to Dublin Core...

SOUTHVILLE LIBRARY

Southville International School and Colleges Library

1281 Tropical Ave. Cor. Luxembourg St., BF Homes International, Las Pinas City

Tel. No. 8256374 / 252358 Loc. 117/146

Powered by Koha